La República perdida II /

Segunda parte del documental histórico. En este caso, revisa el período de la dictadura militar en la Argentina de 1976.

Guardado en:
Autor Principal: Gregorovich, Luis
Formato: Deslizar
Publicado: Argentina, 1986.
Materias:
Etiquetas: Agregar Etiqueta
Sin Etiquetas, Sea el primero en etiquetar este registro!
LEADER 01355ngm a22003495g 4500
001 CEM.cems022250
008 130507s1986##################0###0#####d
005 20241014185854.0
245 1 0 |a La República perdida II /  |c Luis Gregorovich. 
260 |a Argentina,  |c 1986. 
300 |a 135'. 
500 |a En soporte VHS, consultar en ventanilla. 
505 0 |a Argentina desde Perón (1974) hasta la democracia (1984). Isabelita. López Rega. Montoneros. Subversión. Represión. Militares. Desaparecidos. Madres y abuelas de Plaza de Mayo. Pérez Esquivel. Malvinas. Juicio a los militares. 
520 |a Segunda parte del documental histórico. En este caso, revisa el período de la dictadura militar en la Argentina de 1976. 
538 |a Soporte: VHS - Norma: Pal N - Color - Grabación DRD 1996 - Hitachi=0000 
100 1 |a Gregorovich, Luis 
082 9 8 |. 06/GRE-2 
653 |a HISTORIA ARGENTINA 
653 |a POLITICA 
653 |a PERON,JUAN D. 
653 |a MARTINEZ, ISABEL 
653 |a LOPEZ REGA 
653 |a MADRES DE PLAZA DE MAYO 
653 |a SUBVERSION 
653 |a MONTONEROS 
653 |a MILITARES 
653 |a REPRESION 
653 |a NIVEL PRIMARIO 
653 |a NIVEL SECUNDARIO 
653 |a LARGOMETRAJE 
653 |a DOCUMENTAL 
859 |a CEMS  |b BIB. CEMS - Depto. Recursos Didacticos  |h 982.06  |i GRE-2  |k DRD  |p 893.12  |t Ej.1